Третий Рим (Запись № 12559102)

Подробности
000 -МАРКЕР
контрольное поле 01549nam0a2200337 4500
001 - ИДЕНТИФИКАТОР ЗАПИСИ
контрольное поле RU\NLR\BIBL_A\022037634
005 - ИДЕНТИФИКАТОР ВЕРСИИ
контрольное поле 20260407232930.0
035 ## - ДРУГИЕ СИСТЕМНЫЕ НОМЕРА
Идентификатор записи (NLR Aleph) 022037634
100 ## - ДАННЫЕ ОБЩЕЙ ОБРАБОТКИ
Данные общей обработки 20230928d1905 |||y0rusy50 ca
101 0# - ЯЗЫК РЕСУРСА
Язык текста, звукозаписи и т.д. русский
102 ## - СТРАНА ПУБЛИКАЦИИ ИЛИ ПРОИЗВОДСТВА
Страна публикации Российская Федерация
105 ## - ПОЛЕ КОДИРОВАННЫХ ДАННЫХ: ТЕКСТОВЫЕ МАТЕРИАЛЫ, МОНОГРАФИЧЕСКИЕ
Кодированные данные о монографическом текстовом документе y z 000ay
181 #0 - ПОЛЕ КОДИРОВАННЫХ ДАННЫХ: ВИД СОДЕРЖАНИЯ
Код вида содержания (ISBD) i
Код характеристики содержания (ISBD) axxe
182 #0 - ПОЛЕ КОДИРОВАННЫХ ДАННЫХ: ТИП СРЕДСТВА
Код типа средства (ISBD) n - непосредственное
200 1# - ЗАГЛАВИЕ И СВЕДЕНИЯ ОБ ОТВЕТСТВЕННОСТИ
Основное заглавие Третий Рим
Сведения, относящиеся к заглавию (день в Москве)
-- [повесть]
Первые сведения об ответственности К. А. Калитин
203 ## - ВИД СОДЕРЖАНИЯ И ТИП СРЕДСТВА
Вид содержания Текст
Дополнительные сведения об издании визуальный
Тип средства непосредственный
210 ## - ПУБЛИКАЦИЯ, РАСПРОСТРАНЕНИЕ И ДР.
Место издания, распространения и т.д. С.-Петербург
Имя издателя, распространителя и т. д. издание А. С. Суворина
Дата издания, распространения и т.д. 1905
215 ## - ФИЗИЧЕСКАЯ ХАРАКТЕРИСТИКА
Специфическое обозначение материала и объем 107 с.
Размеры 20
316 ## - ПРИМЕЧАНИЯ ОБ ОСОБЕННОСТЯХ ЭКЗЕМПЛЯРА
Текст примечания Экз. РНБ: с наклейкой со штампом в конце кн. "Книжная лавка Литфонда СССР", со штампом на нахзаце "К. Л. Риккер"
Организация и экземпляр, к которому относится поле NLR
686 0# - ИНДЕКСЫ ДРУГИХ КЛАССИФИКАЦИЙ
Индекс Ш6(2=Р)53-4
700 #1 - ИМЯ ЛИЦА - ПЕРВИЧНАЯ ОТВЕТСТВЕННОСТЬ
Графика поля Кириллица
Материалы, к которым относится поле rus
Начальный элемент ввода Калитин
Часть имени, кроме начального элемента ввода К. А.
Даты -1905
Расширение инициалов личного имени Константин Александрович
Системный номер авторитетной/нормативной записи 260504
Идентификатор авторитетной/нормативной записи RU\NLR\AUTH\770260560
712 02 - НАИМЕНОВАНИЕ ОРГАНИЗАЦИИ - ВТОРИЧНАЯ ОТВЕТСТВЕННОСТЬ
Код отношения Бывший владелец
Начальный элемент ввода Литературный фонд СССР
Структурное подразделение Книжная лавка
Системный номер авторитетной/нормативной записи 861979
Идентификатор авторитетной/нормативной записи RU\NLR\AUTH\880598489
712 00 - НАИМЕНОВАНИЕ ОРГАНИЗАЦИИ - ВТОРИЧНАЯ ОТВЕТСТВЕННОСТЬ
Код отношения Бывший владелец
Начальный элемент ввода Риккер,
Инверсированный элемент К. Л.,
Часть наименования, отличная от начального элемента ввода и от инверсированного элемента книжный магазин
Идентифицирующий признак Петербург
Идентификатор авторитетной/нормативной записи RU\NLR\AUTH\8810159010
Системный номер авторитетной/нормативной записи 813521
852 ## - МЕСТОНАХОЖДЕНИЕ И ШИФР ХРАНЕНИЯ
Идентификатор организации NLR
Шифр хранения (Call Number) 59-3/1962
942 ## - ДОПОЛНИТЕЛЬНЫЕ ЭЛЕМЕНТЫ ЗАПИСИ (АБИС)
Тип экземпляра АБИС Книга
980 ## - КОЛЛЕКЦИЯ
Название коллекции Национальная библиография
Экземпляры
Тип экземпляра Дата поступления Библиотека постоянного хранения Библиотека текущего хранения Место хранения Шифр хранения Штрих-код Статус экземпляра
Книга 25.10.2023 РНБ (Садовая) РНБ (Садовая) Русский книжный фонд -Главное здание, Ленинский читальный зал 59-3/1962 1-4359873